Central American Countries Quiz Stats

Quiz Updated Oct 20, 2015

Challenge
Share
Tweet
Score 0/7 Timer 01:00
5 Plays Today
% Correct
Panama
94.6%
Honduras
88%
Costa Rica
87.6%
Belize
86.9%
Guatemala
86.7%
Nicaragua
85.4%
El Salvador
84.4%

You're not logged in!

Compare scores with friends on all Sporcle quizzes.
Join for Free
OR
Log In

You Might Also Like...

Show Comments

Extras

Top Quizzes Today


Score Distribution

Your Account Isn't Verified!

In order to create a playlist on Sporcle, you need to verify the email address you used during registration. Go to your Sporcle Settings to finish the process.

Report this User

Report this user for behavior that violates our Community Guidelines.

Details: